| 000 | 00418nam a2200145Ia 4500 | ||
|---|---|---|---|
| 008 | 230917s9999||||xx |||||||||||||| ||und|| | ||
| 040 |
_e169765 _aMAIN |
||
| 041 | _aEnglish | ||
| 082 | _a891.432741 CJ396P | ||
| 100 | _aचतुर्वेदी जगदीश | ||
| 245 | 0 | _aपीली दोपहर | |
| 260 |
_aदिल्ली _bसन्मार्ग _c1978 |
||
| 300 | _a92 पृ. p. | ||
| 942 | _cHN | ||
| 999 |
_c182317 _d182317 |
||